书目信息 |
| 题名: |
村镇规划与管理
|
|
| 作者: | 李光录 主编 | |
| 分册: | ||
| 出版信息: | 北京 中国林业出版社 2014 |
|
| 页数: | 396页 | |
| 开本: | 27cm | |
| 丛书名: | ||
| 单 册: | ||
| 中图分类: | TU982.29 | |
| 科图分类: | ||
| 主题词: | 乡村规划 , 乡村规划--中国--高等学校--教材 | |
| 电子资源: | ||
| ISBN: | 978-7-5038-7354-6 | |
| 000 | 01052nam0 2200253 450 | |
| 001 | 142117 | |
| 005 | 20141115153639.64 | |
| 010 | @a978-7-5038-7354-6@dCNY 49.00 | |
| 100 | @a20140522d2014 em y0chiy50 ea | |
| 101 | 0 | @achi |
| 102 | @aCN@b110000 | |
| 105 | @aa z 000yy | |
| 200 | 1 | @a村镇规划与管理@9cun zhen gui hua yu guan li@b专著@dRural planning and management@f李光录主编@zeng |
| 210 | @a北京@c中国林业出版社@d2014 | |
| 215 | @a396页@c图,照片@d27cm | |
| 300 | @a普通高等院校“十二五”规划教材 | |
| 330 | @a本书介绍了村镇规划的基本原则、任务与内容,阐述了村镇规划资料收集内容与分析方法,论述了村镇总体规划、村镇建设规划和旧村庄改造规划的理论与方法,并针对村镇道路工程,给排水工程和防洪工程,电力、电信工程,绿地及环境保护等专项规划进行了分析和论述,对村镇规划中的技术经济和管理工作进行了介绍。 | |
| 510 | 1 | @aRural planning and management@zeng |
| 606 | 0 | @a乡村规划 |
| 606 | 0 | @a乡村规划@y中国@x高等学校@j教材 |
| 690 | @aTU982.29@v5 | |
| 701 | 0 | @a李光录@9li guang lu@4主编 |
| 801 | 0 | @c20141115 |
| 905 | @a241430@dTU982.29@eL160 | |
| 村镇规划与管理=Rural planning and management/李光录主编.-北京:中国林业出版社,2014 |
| 396页:图,照片;27cm |
| 普通高等院校“十二五”规划教材 |
| ISBN 978-7-5038-7354-6:CNY 49.00 |
| 本书介绍了村镇规划的基本原则、任务与内容,阐述了村镇规划资料收集内容与分析方法,论述了村镇总体规划、村镇建设规划和旧村庄改造规划的理论与方法,并针对村镇道路工程,给排水工程和防洪工程,电力、电信工程,绿地及环境保护等专项规划进行了分析和论述,对村镇规划中的技术经济和管理工作进行了介绍。 |
| ● |
| 相关链接 |
|
|
|
正题名:村镇规划与管理
索取号:TU982.29/L160
 
预约/预借
| 序号 | 登录号 | 条形码 | 馆藏地/架位号 | 状态 | 备注 |
| 1 | 0839967 | 208399678 | 建筑与城市规划学院资料室/201建筑库 62排2列1层/ [索取号:TU982.29/L160] | 在馆 | |
| 2 | 0839968 | 208399687 | 建筑与城市规划学院资料室/201建筑库 62排2列1层/ [索取号:TU982.29/L160] | 在馆 | |
| 3 | 0839969 | 208399696 | 建筑库201/201建筑库 59排2列4层/ [索取号:TU982.29/L160] | 在馆 |